000 00473cam a2200133 4500500
005 20260329030726.0
041 _afre
042 _adc
100 1 0 _aNeefs, Jacques
_eauthor
700 1 0 _aMontalbetti, Christine
_eauthor
245 0 0 _aLe bonheur de la littérature : Pour Béatrice Didier
260 _bPresses Universitaires de France,
_c2005.
856 4 1 _uhttps://shs.cairn.info/le-bonheur-de-la-litterature--9782130523031?lang=fr&redirect-ssocas=7080
999 _c1946611
_d1946611